Smart English Workbook: (Record no. 204050)

MARC details
000 -LEADER
fixed length control field 00699nam a22002177a 4500
005 - DATE AND TIME OF LATEST TRANSACTION
control field 20240709115350.0
010 ## - LCCN (DPL NO)
LC control number Eng-140859
020 ## - INTERNATIONAL STANDARD BOOK NUMBER
Terms of availability 235.00
International Standard Book Number 978-81-8449-894-3
035 ## - SYSTEM CONTROL NUMBER
System control number EN-124392
037 ## - SOURCE OF ACQUISITION
Source of stock number/acquisition DBAD
082 ## - DEWEY DECIMAL CLASSIFICATION NUMBER
Classification number 485
Edition number 2018-19
100 ## - MAIN ENTRY--PERSONAL NAME
Personal name by
245 ## - TITLE STATEMENT
Title Smart English Workbook:
Remainder of title Based On The New Updated Textbook /
Statement of responsibility, etc by Arun Sharma [and] Meenakshi Upadhyay
250 ## - EDITION STATEMENT
Edition statement 2018-19
260 ## - PUBLICATION, DISTRIBUTION, ETC. (IMPRINT)
Place of publication, distribution, etc Chennai
Name of publisher, distributor, etc Surya Publications
Date of publication, distribution, etc 2018-19
270 ## - ADDRESS
City Chennai
Address 1620,'J' Block, 16th main Road,Anna Nagar
Postal code 600040.
300 ## - PHYSICAL DESCRIPTION
Extent vi, 282pg.
Dimensions 26cm(pb).
500 ## - GENERAL NOTE
General note Based On The New Updated Textbook
700 ## - ADDED ENTRY--PERSONAL NAME
9 (RLIN) 68275
942 ## - ADDED ENTRY ELEMENTS (KOHA)
Source of classification or shelving scheme Dewey Decimal Classification
Item type English Books
Classification part 485
Edition 2018-19

No items available.


© Delhi Public Library
Hit Counter
free hit counter